[Event "Morava-ch"]
[Site "Orlova"]
[Date "2023.10.28"]
[Round "8"]
[White "Zadrapa, Jakub"]
[Black "Zednicek, Filip"]
[Result "1/2-1/2"]
[WhiteElo "1914"]
[BlackElo "1950"]
[PlyCount "26"]
[EventDate "2023.10.24"]
[EventType "swiss"]
[EventRounds "9"]
[EventCountry "CZE"]
[SourceTitle "CBM 217 Extra"]
[Source "ChessBase"]
[SourceDate "2024.01.31"]
[SourceVersion "1"]
[SourceVersionDate "2024.01.31"]
[SourceQuality "1"]

1. e4 e5 2. Nf3 Nc6 3. Bb5 f5 4. d3 fxe4 5. dxe4 d6 6. h3 Nf6 7. Nc3 a6 8. Be2 Be7 9. Be3 0-0 10. 0-0 Kh8 11. Nh2 Be6 12. Qd2 Qd7 13. Rad1 Rf7 1/2-1/2

[Event "Morava-ch"]
[Site "Orlova"]
[Date "2023.10.26"]
[Round "5"]
[White "Zadrapa, Jakub"]
[Black "Vojtek, Pavel"]
[Result "1/2-1/2"]
[WhiteElo "1914"]
[BlackElo "1792"]
[PlyCount "42"]
[EventDate "2023.10.24"]
[EventType "swiss"]
[EventRounds "9"]
[EventCountry "CZE"]
[SourceTitle "CBM 217 Extra"]
[Source "ChessBase"]
[SourceDate "2024.01.31"]
[SourceVersion "1"]
[SourceVersionDate "2024.01.31"]
[SourceQuality "1"]

1. e4 e6 2. d4 d5 3. Nd2 dxe4 4. Nxe4 Be7 5. Nf3 Nd7 6. Bd3 Ngf6 7. Nxf6+ Nxf6 8. 0-0 0-0 9. Bg5 b6 10. Qe2 Bb7 11. Rfd1 h6 12. Bh4 Qd5 13. c4 Qh5 14. Bg3 Bd6 15. Ne5 Qxe2 16. Bxe2 Rfd8 17. Rac1 c5 18. dxc5 Bxc5 19. Bf3 Bxf3 20. Nxf3 Ne4 21. Kf1 f6 1/2-1/2

[Event "Morava-ch"]
[Site "Orlova"]
[Date "2023.10.25"]
[Round "3"]
[White "Zadrapa, Jakub"]
[Black "Tikovsky, Alexander"]
[Result "0-1"]
[WhiteElo "1914"]
[BlackElo "2080"]
[PlyCount "46"]
[EventDate "2023.10.24"]
[EventType "swiss"]
[EventRounds "9"]
[EventCountry "CZE"]
[SourceTitle "CBM 217 Extra"]
[Source "ChessBase"]
[SourceDate "2024.01.31"]
[SourceVersion "1"]
[SourceVersionDate "2024.01.31"]
[SourceQuality "1"]

1. e4 e6 2. d4 d5 3. Nd2 Nc6 4. Ngf3 Nf6 5. e5 Nd7 6. c3 f6 7. exf6 Qxf6 8. Bb5 Bd6 9. 0-0 0-0 10. Qe2 e5 11. dxe5 Ndxe5 12. Nxe5 Nxe5 13. c4 c6 14. Ba4 Bf5 15. f4 Bc5+ 16. Kh1 Bd3 17. fxe5 Qxf1+ 18. Qxf1 Bxf1 19. Nf3 Bxc4 20. Bg5 Rae8 21. Re1 Bf2 22. Rc1 h6 23. Bd2 Be2 0-1